| 000 | 00445nam a2200145 a 4500 | ||
|---|---|---|---|
| 005 | 20140412111232.0 | ||
| 008 | 050519s19uu xx 00 eng d | ||
| 050 |
_aER _bDi61 |
||
| 100 | _aDavidson, Rosalie | ||
| 245 |
_aDinosaurs : _bthe terrible lizards / _cby Rosalie Davidson ; illustrated by Bernard Garbutt. |
||
| 260 |
_aCalifornia : _bGolden Gate Junior Books, _c1969. |
||
| 300 | _a27 p. ; ill. | ||
| 650 | _aDinosaurs | ||
| 999 |
_c102226 _d102226 |
||